000 00887nam a2200217 a 4500
003 0
005 20250322091438.0
008 060801s19uu xx 00 eng d
050 _aPGS HQ 770.4.P37
_b.G377 2006
100 _aGeronimo, Katrina Maria Alexandra P.
245 _aA comparative study on the effects of parental discipline on the behavior of lower school students /
_cKatrina Maria Alexandra P. Geronimo.
260 _aLas PiƱas City, Philippines :
_bSouthville International School and Colleges,
_c2006.
300 _a48 pages :
_billustrations ;
_c28 cm.
504 _aIncludes bibliographical references.
650 _aParenting
_vDiscipline.
650 _aChild rearing
_vPsychological aspects.
650 _aParental influence
_vChild behavior.
650 _aDiscipline of children.
650 _aStudent attitudes
_vInfluence of parenting.
942 _2lcc
_cPASS
999 _c97486
_d97486